| 000 | 00540nam a2200193Ia 4500 | ||
|---|---|---|---|
| 001 | 64126 | ||
| 008 | 200103n2009 ii |||gr||||Z||||||465 | ||
| 020 | _a978-81-89473-95-2 | ||
| 082 | _a512.5 | ||
| 100 |
_aPrabhat Choudhury, _eAuthor., |
||
| 245 | 0 |
_aA Practical Approach to Linear Algebra _cBy Choudhury, Prabhat _hTextual Documents |
|
| 250 | _aist ed. | ||
| 260 |
_aJaipur _bOxford Book Company _c2009 |
||
| 300 |
_apg286: _c23cm. |
||
| 653 | _aMathematics | ||
| 653 | _aLinear Algebra | ||
| 653 | _aG- Mathematics | ||
| 942 |
_2ddc _cBK |
||
| 999 |
_c65226 _d65226 |
||